TOP 30 CONCURSANTES DE OT MAS ESCUCHADOS - Estadísticas

Estadísticas generales
  • Esta prueba ha sido intentada 45 veces
    31 desde el último reinicio
  • La puntuación promedio es 21 de 30
Estadísticas de respuestas
Edición Oyentes mensuales Concursante % Correcto
1 2017 12.9M Aitana
100%
6 2017 1.1M Amaia
100%
2 2001 8M David Bisbal
96%
17 2017 300K Ana Guerra
83%
9 2025 460K Claudia Arenas
83%
11 2001 420K David Bustamante
83%
3 2017 4.3M Lola Indigo
83%
22 2017 250K Alfred
78%
8 2025 480K Cristina
78%
10 2025 460K Olivia
78%
12 2001 410K Chenoa
74%
18 2025 290K Guille Toledano
74%
24 2025 140K Judit
74%
15 2023 300K Ruslana
74%
26 2025 160K Crespo
70%
23 2017 190K Miriam Rodríguez
70%
13 2023 340K Naiara
70%
5 2018 1.5M Natalia Lacunza
70%
27 2025 150K Tinho
70%
25 2025 160K Guillo Rist
65%
7 2008 730K Pablo López
65%
30 2025 110K Téyou
65%
28 2023 150K Violeta
65%
20 2018 270K Alba Reche
61%
14 2023 330K Chiara
61%
4 2002 2.2M Manuel Carrasco
57%
16 2018 300K Miki Nuñez
57%
19 2005 290K Edurne
43%
21 2001 260K Gisela
39%
29 2025 120K Max Navarro
35%
No se encontraron pruebas coincidentes
Distribución de puntuación
Porcentaje de gente con cada puntuación
Porcentaje por número respondido
Historial de tus puntuaciones
No has intentado esta prueba desde el último reinicio